Alarm fuer Goethestrasse drei : Spuk- und Gespenstergeschichten

Αποθηκεύτηκε σε:
Λεπτομέρειες βιβλιογραφικής εγγραφής
Άλλοι συγγραφείς: Schmitz, Edith (Επιμελητής έκδοσης)
Μορφή: Βιβλίο
Γλώσσα:German
Δημοσίευση: Muenchen : Max Hueder, 1984
Σειρά:Lesetexte Deutsch - Stufe
Θέματα:
Ετικέτες: Προσθήκη ετικέτας
Δεν υπάρχουν, Καταχωρήστε ετικέτα πρώτοι!

MARC

LEADER 00000nam a2200000 i 4500
001 1/104531
008 000314s1984 ger d
020 |a 3-19-001349-7 
035 |l 10058872 
040 |a GR-MY-UA  |b gre  |e aacr 
041 0 |a ger 
082 0 |a 438 
245 1 0 |a Alarm fuer Goethestrasse drei :  |b Spuk- und Gespenstergeschichten /  |c bearbeitet von Edith Schmitz 
260 |a Muenchen :   |b Max Hueder,   |c 1984 
300 |a 48 p. 
490 1 |a Lesetexte Deutsch 
650 0 0 |a German language  |x Study and teaching  |x Foreign speakers. 
650 0 0 |a German language  |x Usage. 
650 0 0 |a Short stories, German. 
700 1 |a Schmitz, Edith.  |4 edt 
830 0 |a Lesetexte Deutsch - Stufe 
852 |a INST  |b RHODES  |e 20000314  |h 438 ALA  |p 005400005295  |q 005400005295  |t BK  |y 0 
901 |a BIBL4-2000-1 
909 |a Ρ  |b 041891 
922 |a 4ΕΛΗ  |b 199505  |c 106/ΜΠΕΡΖΑΜΑΝΗ  |d ΚΩΣΤΑΡΑΚΗΣ 
970 |z 2000/03/14